[Event "11th KIIT Festival 2018"]
[Site "Bhubaneswar"]
[Date "2018.05.27"]
[Round "4"]
[White "Amonatov, Farrukh"]
[Black "Rajdeep Sarkar"]
[Result "1-0"]
[WhiteElo "2608"]
[BlackElo "2355"]
[Annotator "TA"]
[PlyCount "151"]
[EventDate "2018.??.??"]
[EventType "swiss"]
[EventCountry "IND"]
[SourceTitle "playchess.com"]
[Source "ChessBase"]
[SourceQuality "1"]

{[%evp 27,151,-31,0,-19,0,0,8,0,20,-29,-5,-12,0,-34,-30,-18,0,-24,0,0,0,0,0,-42,-37,-52,-43,-52,-58,-36,-39,-42,-16,-58,-58,-61,-58,-61,-52,-56,-7,-44,-40,-43,0,0,0,0,0,0,0,0,0,0,0,0,0,0,0,0,0,0,8,8,8,33,12,15,28,29,89,32,74,79,78,86,77,88,148,152,135,88,59,63,149,127,184,43,1116,1057,1033,971,738,725,837,677,626,133,141,98,113,132,1077,0,865,802,1118,1112,997,1141,1123,1007,1093,1056,1073,859,1000,961,937,885,6079,5443,5093,5093,5093,5057]} 1. e4 c5 2. Nf3 d6 3. d4 cxd4 4. Nxd4 Nf6 5. Nc3 Nc6 6. Bg5 e6 7. Qd2 a6 8. O-O-O Bd7 9. f3 Be7 10. h4 h6 {B67: Sizilianisch (Richter/Rauser-Angriff)} 11. Be3 h5 12. Kb1 Ne5 13. Bd3 b5 14. Bg5 Qc7 {LiveBook: 19 Partien} 15. Rhe1 b4 16. Nce2 a5 17. f4 Nxd3 (17... Neg4 18. Ng1 {½-½ (91) Short,N (2678)-Li,C (2732) Riadh 2017}) 18. cxd3 Qb6 19. Nf3 a4 20. Ng3 Rc8 21. Rc1 Rxc1+ 22. Rxc1 {[#]} b3 $146 ({Vorgänger:} 22... Ng4 23. Bxe7 Kxe7 24. d4 Rc8 25. Rxc8 {½-½ (25) Moreno Carnero,J (2512)-Nevednichy,V (2552) Mallorca 2004}) 23. a3 $1 Ng4 {Und weiter mit ...f6 wäre nett.} 24. Bxe7 Kxe7 25. Ne2 Rc8 $36 {[%mdl 2048] Schwarz kämpft um Vorteil.} 26. Nc3 Qe3 (26... Qa7 {keeps more tension.} 27. d4 Kf8 28. Re1 Qa6 29. Ka1 Kg8) 27. Re1 Qxd2 28. Nxd2 Rc5 29. g3 Nf2 30. d4 Rc8 31. Re2 Ng4 32. Nf3 Rc4 33. Kc1 Nf6 34. Kd2 Bc8 35. e5 dxe5 36. dxe5 Nd5 37. Re4 $1 {[%cal Re4c4]} Nb6 38. Rxc4 Nxc4+ $11 {[%mdl 4096] Endspiel KLS-KSS} 39. Kc1 Bd7 40. Nd1 f6 41. Nd2 Nb6 42. Ne3 fxe5 43. fxe5 Bb5 44. Nf3 Bc6 45. Nd4 Be4 46. Kd2 Nd7 47. Nc4 Bd5 48. Kc3 Kf7 (48... g5 $1 $11) 49. Kb4 ({Besser ist} 49. Ne3 $16 Be4 50. Kb4) 49... Bxc4 50. Kxc4 Nxe5+ $14 {KS-KS} 51. Kb4 Nd3+ 52. Kxa4 Nxb2+ 53. Kxb3 Nd3 54. Kc4 Nb2+ 55. Kc3 Na4+ (55... Nd1+ $14 56. Kc4 e5) 56. Kb4 $16 Nb6 (56... Nb2 $16 {war angesagt.} 57. Kb3 Nd3) 57. Kc5 ({Der einzige Zug:} 57. Kb5 $1 $18 {[%cal Rb5b6]} e5 58. Nc2) 57... Nc8 $2 {[%mdl 8192]} (57... Na4+ $14 58. Kb4 Nb6) 58. a4 $18 e5 59. Nc6 Ke6 60. a5 e4 61. Kd4 Kf5 62. Ke3 $2 (62. a6 $18 {ist der präzise Gewinnweg.} Kg4 63. Kxe4 (63. a7 Nxa7 64. Nxa7 Kxg3 $11) 63... Kxg3 64. Ne7 $1 {[%mdl 512]} (64. a7 Nxa7 65. Nxa7 Kxh4 $11)) 62... Kg4 $16 63. Kf2 ({Viel schwächer wäre} 63. Kxe4 $6 Kxg3 64. Ke5 Kxh4 $11) 63... e3+ {[#]} 64. Kg2 $1 ({Natürlich nicht} 64. Kxe3 $6 Kxg3 65. Nd4 Kxh4 $11) 64... e2 $2 {[%mdl 8192] [#]} (64... g5 $16) 65. Ne5+ $1 $18 ({Schwächer ist} 65. Kf2 e1=Q+ 66. Kxe1 Kxg3 $11) 65... Kf5 66. Nf3 {Weiß steht klar auf Gewinn.} Ke4 67. Kf2 Kd3 68. Ng1 e1=Q+ 69. Kxe1 Ke3 70. Kf1 Na7 71. a6 Nc6 72. Kg2 Ke4 73. Ne2 g6 74. Nc3+ Kf5 75. Nb5 g5 {[#]} 76. Nd4+ $1 {[%mdl 512] Precision: Weiß = 69%, Schwarz = 43%.} 1-0

[Event "11th KIIT Festival 2018"]
[Site "Bhubaneswar"]
[Date "2018.05.27"]
[Round "4"]
[White "Tukhaev, Adam"]
[Black "Roy Chowdhury, Saptarshi"]
[Result "1/2-1/2"]
[WhiteElo "2551"]
[BlackElo "2338"]
[Annotator "TA"]
[PlyCount "88"]
[EventDate "2018.??.??"]
[EventType "swiss"]
[EventCountry "IND"]
[SourceTitle "playchess.com"]
[Source "ChessBase"]
[SourceQuality "1"]

{[%evp 28,88,60,31,34,34,26,31,40,31,29,24,10,5,12,0,7,0,0,0,0,0,35,38,37,38,44,43,39,10,10,10,10,10,15,1,24,24,22,0,0,0,0,0,0,0,0,0,0,0,0,0,0,0,0,0,0,0,0,-12,0,0,0]} 1. e4 c5 2. Nf3 Nc6 3. d4 cxd4 4. Nxd4 e5 5. Nb5 d6 6. c4 Be7 7. N1c3 a6 8. Na3 f5 9. exf5 Bxf5 10. Bd3 Be6 11. Nc2 Nf6 {B32: Sizilianisch (Löwenthal-Variante)} 12. O-O O-O (12... Qd7 13. Bg5 O-O 14. b3 Bd8 15. Rb1 Bb6 16. Be3 Bc7 17. Qd2 h6 18. f3 Rad8 19. Be4 Ba5 {½-½ (52) Andreikin,D (2736)-Roganovic,M (2478) Novi Sad 2016}) 13. Nd5 Kh8 14. Nce3 Nd4 15. b3 {LiveBook: 3 Partien} Nxd5 16. Nxd5 Bxd5 17. cxd5 {[#] Droht Dh5 und aus.} g6 {[#]} 18. Be3 $146 (18. Qg4 {looks sharper.} Bf6 19. Bd2 a5 20. Rac1 a4 21. b4) ({Vorgänger:} 18. Bb2 Bf6 19. Be4 Rc8 {0-1 (50) Charbonneau,P (2527)-Roy Chowdhury,S (2421) Edmonton 2005}) 18... Bf6 19. Bxd4 exd4 20. Re1 Qa5 21. Rc1 Rae8 22. Rxe8 Rxe8 23. g3 Qxd5 24. h4 Bg7 25. Qg4 {[%mdl 1024] Weiss hat Kompensation.} Bf8 26. Kh2 Qf7 27. Kg2 Qd5+ 28. Qf3 Qxf3+ 29. Kxf3 $11 {[%mdl 4096] Endspiel KTL-KTL} Kg7 30. Rc7+ Re7 31. Rc8 Rf7+ 32. Kg2 Rd7 33. g4 {Die Stellung ist ausgeglichen.} d5 34. g5 Bd6 35. Re8 Kf7 36. Rh8 Kg7 37. Rc8 Be5 38. Re8 Bc7 39. Re6 Kf7 40. Rf6+ Kg7 41. Re6 Kf7 42. Re2 Bd6 43. Rc2 Rc7 44. Rxc7+ Bxc7 {Precision: Weiß = 60%, Schwarz = 66%.} 1/2-1/2

[Event "11th KIIT Festival 2018"]
[Site "Bhubaneswar"]
[Date "2018.05.27"]
[Round "4"]
[White "Burmakin, Vladimir"]
[Black "Aronyak Ghosh"]
[Result "1/2-1/2"]
[WhiteElo "2528"]
[BlackElo "2294"]
[Annotator "TA"]
[PlyCount "133"]
[EventDate "2018.??.??"]
[EventType "swiss"]
[EventCountry "IND"]
[SourceTitle "playchess.com"]
[Source "ChessBase"]
[SourceQuality "1"]

{[%evp 12,133,6,3,16,4,5,19,35,31,35,27,35,33,34,28,29,29,35,22,28,30,42,46,53,31,57,0,67,77,67,19,51,50,59,16,24,29,23,13,25,22,22,15,7,11,37,12,27,0,25,0,0,-4,0,-11,0,0,0,0,17,23,18,17,25,16,13,12,13,10,11,0,0,0,0,0,0,0,0,0,0,0,0,0,0,0,10,0,0,0,0,0,0,0,0,0,0,0,0,0,0,0,0,0,0,0,0,0,0,0,0,0,0,0,0,0,0,0,0,0,0,0,0,0]} 1. Nf3 d5 2. c4 c6 3. d4 Nf6 4. Qb3 e6 5. Bg5 Be7 6. e3 Nbd7 7. Nc3 h6 {D43: Semi-Slav: 5 Bg5 h6} 8. Bh4 O-O 9. Be2 (9. Rd1 a6 10. Qc2 b5 11. c5 e5 12. dxe5 Ne8 13. Bg3 Nxc5 14. Nd4 {0-1 (54) Jumabayev,R (2612)-Kasimdzhanov,R (2683) Riadh 2017}) 9... dxc4 10. Qxc4 Nd5 11. Bxe7 Qxe7 12. O-O N5b6 13. Qb3 e5 14. a4 exd4 15. Nxd4 a5 16. Rfd1 Qb4 $146 17. Ne4 Nd5 18. Bc4 N5b6 19. Be2 Nd5 $1 20. Qxb4 Nxb4 21. Bc4 Nb6 22. Bb3 Rd8 23. Nc5 Na6 24. Nxa6 Rxa6 25. Bc2 Nd5 26. Nb3 Re8 27. Rd2 Nb4 28. Bd1 Ra8 29. Be2 Bf5 30. g4 Bg6 31. Nc5 b6 32. Nb3 Rad8 33. Rc1 Rxd2 34. Nxd2 Bc2 35. Nc4 Bxa4 36. Nxb6 Bb5 37. Nc4 Rd8 38. b3 Bxc4 {The position is equal.} 39. Bxc4 $11 {[%mdl 4096] Endgame KRB-KRN} Rd2 40. Ra1 Nd3 41. f4 Nf2 42. Rxa5 Nxg4 43. Ra8+ Kh7 44. Bxf7 Nxe3 45. h4 g6 46. Ra7 Kg7 (46... Kh8 {seems wilder.} 47. Kh1 Rd6 48. Kg1 h5 49. Be8 Nf5) 47. Bd5+ Kf8 48. Bxc6 Rb2 49. Be4 Rxb3 50. Bxg6 Nd5 {[#] Threatens to win with ...Rg3+.} 51. f5 Nf4 52. h5 Rg3+ 53. Kf2 Rg5 54. Rf7+ Kg8 55. Kf3 Nxh5 56. Ra7 Nf6 57. Kf4 Rg1 58. Bf7+ Kf8 {[#] aiming for ...Rg7.} 59. Be6 {Black must now prevent Rf7+.} Rf1+ 60. Ke5 (60. Kg3 {is interesting.} Ne4+ 61. Kg4 Nf6+ 62. Kh3 Ne4 63. Rf7+) 60... Ng4+ 61. Kd6 {And now Ra8+ would win.} Rd1+ 62. Kc5 Rf1 63. Rf7+ Ke8 64. Rg7 Ne3 65. Kd6 {[%cal Rg7g8]} Nxf5+ 66. Bxf5 Rxf5 67. Ke6 {Precision: White = 61%, Black = 73%.} 1/2-1/2

[Event "11th KIIT Festival 2018"]
[Site "Bhubaneswar"]
[Date "2018.05.27"]
[Round "4"]
[White "Pruijssers, Roeland"]
[Black "Tiwari, Arjun"]
[Result "1/2-1/2"]
[WhiteElo "2519"]
[BlackElo "2276"]
[Annotator "TA"]
[PlyCount "79"]
[EventDate "2018.??.??"]
[EventType "swiss"]
[EventCountry "IND"]
[SourceTitle "playchess.com"]
[Source "ChessBase"]
[SourceQuality "1"]

{[%evp 21,79,27,27,-21,21,-15,-21,-35,-20,-34,-43,-22,-33,-40,-39,-38,-23,-80,-77,-74,-66,-78,-9,-31,0,0,87,-129,0,-69,-48,-75,-65,-91,-95,-277,-262,-254,-244,-207,-172,-157,-58,-130,-130,-134,0,0,0,0,0,0,0,0,0,0,0,0,0,0]} 1. e4 c5 2. Nf3 Nc6 3. Bb5 g6 4. Bxc6 dxc6 5. d3 Bg7 6. h3 e5 7. Be3 Qe7 8. Qd2 Nf6 9. Bh6 O-O 10. Nc3 Re8 {B31: Sicilian: 2...Nc6 3 Bb5 g6} (10... Bxh6 11. Qxh6 Nh5 12. O-O-O f6 13. g3 b5 14. Nh4 a5 15. f4 b4 16. Ne2 Ng7 17. g4 b3 18. cxb3 {1-0 (43) Iermito,S (2498)-Rodriguez Vila,A (2486) Buenos Aires 2017}) 11. Bxg7 Kxg7 {LiveBook: 4 Games} 12. O-O-O a5 {[%cal Ba7a5,Ba5a4,Ba4a3][%mdl 32]} 13. Kb1 $146 ({Predecessor:} 13. Nh2 a4 14. Rdf1 b5 15. f4 exf4 16. Qxf4 c4 17. Nd1 a3 18. b3 cxb3 19. cxb3 {½-½ (86) Koskinen,H (2260)-Penttinen,J Finland 1995}) 13... a4 14. Qe3 b5 15. Ne2 a3 16. b3 c4 17. g4 cxb3 18. cxb3 c5 19. Ng3 {[#]} (19. Rc1 $11 {keeps the balance.}) 19... c4 $1 $17 {[%mdl 512]} 20. g5 (20. bxc4 Qb4+) 20... Nd7 21. Rc1 cxb3 (21... Ba6 $17) 22. axb3 $11 a2+ 23. Ka1 Qb4 (23... Bb7 $11) 24. h4 $2 (24. d4 $16) 24... Bb7 (24... Qxb3 $17 {Hoping for ...Ra3.} 25. h5 b4 26. hxg6 fxg6) 25. h5 ({White should try} 25. d4 $11) 25... Rec8 {aiming for ...Nc5.} 26. hxg6 hxg6 {Threatens to win with ...Nc5.} 27. d4 $1 ({Avoid the trap} 27. Rxc8 $2 Rxc8 28. Qd2 Qxd2 $19) 27... Ra3 $1 $36 {[%cal Ra3b3][%mdl 2048] White is under strong pressure.} 28. Nd2 $2 (28. Qd2 $17 {was the only defense.} Rxb3 29. Qxb4 Rxb4 30. Rxc8 Bxc8 31. Rc1) 28... exd4 $19 29. Qf4 Rxc1+ 30. Rxc1 Ra8 31. e5 {[%cal Be4e5,Be5e6][%mdl 32] White wants to play e6!} Bd5 {[#]} (31... Re8 $17 32. Ne2 Rxe5 33. Qxd4 Qxd4+ 34. Nxd4 Rxg5 35. Kxa2 Rg2) 32. Ne2 {[#]} (32. e6 $1 $15 {[%mdl 512]} Bxe6 33. Ne2) 32... Nc5 $1 $17 {...Qxd2 is the strong threat.} 33. Nxd4 Nd3 (33... Qa3 $17 34. Rc2 Ne6 35. Nxe6+ Bxe6 36. Qf6+ Kg8) 34. Qf6+ $1 $11 {The position is equal.} Kg8 {[#]} 35. e6 $1 {[%mdl 512] Threatening mate with Qxf7+.} Qxd2 {[%cal Rd2c1]} 36. Qxf7+ Kh8 {[%cal Rd2c1]} 37. Qf6+ Kg8 {[%cal Rd2c1]} 38. Qxg6+ Kh8 {[%cal Rd2c1]} 39. Qf6+ Kg8 {[%cal Rd2c1]} 40. Qf7+ {Precision: White = 38%, Black = 60%.} 1/2-1/2

[Event "11th KIIT Festival 2018"]
[Site "Bhubaneswar"]
[Date "2018.05.27"]
[Round "4"]
[White "Neverov, Valeriy"]
[Black "Nguyen, Phuoc Tam"]
[Result "1/2-1/2"]
[WhiteElo "2496"]
[BlackElo "2210"]
[Annotator "TA"]
[PlyCount "204"]
[EventDate "2018.??.??"]
[EventType "swiss"]
[EventCountry "IND"]
[SourceTitle "playchess.com"]
[Source "ChessBase"]
[SourceQuality "1"]

{[%evp 14,204,26,25,43,29,41,37,39,41,45,39,60,48,62,55,82,69,91,96,105,101,101,103,120,119,119,112,122,119,113,119,133,114,170,160,170,152,157,152,173,135,199,179,183,143,150,151,145,135,146,147,168,152,149,108,87,77,102,91,116,82,168,158,183,182,182,179,182,179,179,179,184,184,179,179,256,254,295,294,286,293,405,408,384,372,395,364,463,451,424,502,423,434,423,417,350,362,593,619,593,581,591,552,433,225,341,328,736,722,390,364,324,143,312,225,225,225,226,173,190,194,191,102,103,102,102,0,0,0,0,0,0,0,0,0,0,0,0,0,0,0,0,0,0,0,0,0,0,0,0,0,0,0,0,0,0,0,0,0,0,0,0,0,0,0,0,0,0,0,0,0,0,0,0,0,0,0,0,0,0,0,0,0,0,0,0,0,0,0,0,0,0]} 1. Nf3 Nf6 2. c4 e6 3. g3 d5 4. Bg2 Be7 5. O-O O-O 6. b3 Nbd7 7. Bb2 c6 8. d3 {LiveBook: 157 Games} Qa5 {A14: English Opening: 1...e6 with b3 by White} (8... b5 9. Qc2 Bb7 10. e4 Rc8 11. e5 Ne8 12. Nc3 Nc7 13. h4 c5 14. Rfe1 a6 15. a4 bxc4 16. dxc4 Rb8 {0-1 (53) Pantsulaia,L (2581)-Bruzon Batista,L (2664) Tromsoe 2014}) 9. Nbd2 Ba3 10. Qc1 Bxb2 {White is slightly better.} 11. Qxb2 Re8 12. d4 $146 ({Predecessor:} 12. e4 dxe4 13. dxe4 e5 14. b4 Qc7 15. c5 b6 16. Qc3 bxc5 17. bxc5 Ba6 18. Rfe1 {1-0 (48) Siebrecht,S (2325)-Fuest,M Muenster 1995}) 12... Qb4 13. Rac1 Qe7 14. Rfd1 h6 15. Ne5 {[%cal Bf3e5,Be5d3,Bd3c5][%mdl 32]} Rb8 16. b4 dxc4 17. Ndxc4 Nd5 18. Nd3 N5b6 19. Na5 Nf6 20. e4 {[%cal Be2e4,Be4e5][%mdl 32]} Rd8 21. Nc5 Nbd7 22. h3 Nf8 23. Kh2 g5 (23... Ng6 $16) 24. a3 $18 Ng6 25. e5 Nd5 26. Qe2 Rf8 27. Ne4 Bd7 (27... f6 $16) 28. Nc4 {[%cal Ba5c4,Bc4e3,Be3g4][%mdl 32]} Be8 {[%cal Bd7e8,Be8f7,Bf7b3][%mdl 32]} 29. Ne3 f5 30. exf6 Nxf6 31. Nxf6+ Qxf6 32. Ng4 Qg7 33. Qxe6+ Bf7 34. Qf6 Bb3 35. Qxg7+ Kxg7 36. Rd2 Rbd8 37. Rc5 Be6 (37... a6 $16 {is a better defense.}) 38. b5 $1 b6 39. Rxc6 Bxg4 40. hxg4 Ne5 41. Rc7+ Rf7 42. Rxf7+ Kxf7 {[%mdl 4096] Endgame [#] KRB-KRN} 43. Kh3 $1 Nc4 44. Rd3 Ne5 (44... Nb2 $142 45. Rc3 Rxd4) 45. Re3 Ng6 46. d5 Ne7 47. Re6 Nxd5 48. Bxd5 Rxd5 49. Rxh6 {KR-KR} Kg7 50. Rc6 Rxb5 51. Rc7+ Kg6 52. Rxa7 Rb3 53. Kg2 Kf6 54. Ra8 Kg6 55. f4 Rb2+ $2 (55... Kf7 56. a4 (56. fxg5 Kg6 $16) 56... Rb2+ 57. Kh3 Rb3 58. Ra7+ (58. fxg5 Rb1 $18) 58... Kf6) 56. Kh3 Kf7 57. Ra7+ Kf6 58. f5 Rb3 59. Rh7 (59. a4 $142) 59... b5 (59... Rxa3 {was worth a try.} 60. Rh6+ Ke5 61. Rxb6 Ra1 62. Re6+ Kd5) 60. Rh6+ Kf7 $2 (60... Ke5 61. Re6+ Kd5) 61. Ra6 Rc3 62. Ra5 Rb3 63. Kg2 (63. Ra7+ $18 {is more deadly.} Kf6 64. a4) 63... Kg7 $2 (63... Rb2+ $16 64. Kh3 Rb1 65. Ra7+ Kf6 66. Ra6+ Ke5) 64. Kf2 Kf7 65. Ra6 Rc3 66. Rg6 Rxa3 67. Rxg5 Ra6 68. Rh5 (68. Ke3 $18) 68... Rb6 $16 69. Rh7+ Kg8 {[#]} 70. Rh2 (70. Rh1 $1 $16) 70... b4 $1 $11 {The position is equal.} 71. Kf3 b3 {Threatens to win with ...b2.} 72. Rb2 {aiming for Ke4.} Rb4 73. g5 Kf7 74. g4 Kg7 75. Kg3 Kf7 76. Kh4 {Hoping for g6+.} Rb8 77. g6+ Kf6 78. Kg3 Rb7 79. Kh4 Rb8 $1 80. Kg3 Rb7 81. Kh4 Rb8 $1 82. g7 Kxg7 83. g5 Rh8+ 84. Kg4 Rb8 85. Kf4 Rb4+ 86. Ke5 Rb5+ 87. Ke4 Rb4+ 88. Kd5 Rb5+ 89. Ke6 Rb6+ 90. Ke7 Rb7+ 91. Kd6 Rb5 92. Ke6 Rb6+ 93. Ke5 Rb5+ 94. Ke4 Rb4+ 95. Ke3 Rb5 96. Kf4 Rb4+ 97. Kg3 Rb5 98. Kg4 Rb8 99. g6 Kf6 100. Kf4 Rb4+ 101. Ke3 Kxf5 102. g7 Rg4 {Precision: White = 61%, Black = 54%.} 1/2-1/2

[Event "11th KIIT Festival 2018"]
[Site "Bhubaneswar"]
[Date "2018.05.27"]
[Round "4"]
[White "Vignesh N R"]
[Black "Tran, Minh Thang"]
[Result "1/2-1/2"]
[WhiteElo "2485"]
[BlackElo "2404"]
[Annotator "TA"]
[PlyCount "87"]
[EventDate "2018.??.??"]
[EventType "swiss"]
[EventCountry "IND"]
[SourceTitle "playchess.com"]
[Source "ChessBase"]
[SourceQuality "1"]

{[%evp 17,87,10,7,2,12,0,0,-7,0,0,0,0,0,0,29,26,19,22,28,27,31,26,44,23,30,6,109,99,96,79,106,100,91,81,142,104,109,34,50,35,40,66,50,27,17,26,15,14,18,14,53,53,53,53,53,53,53,47,47,47,47,47,53,53,53,53,53,53,58,53,58,34]} 1. d4 d5 2. Nf3 Nf6 3. g3 c6 4. Bg2 Bf5 5. O-O Nbd7 6. b3 e6 7. Bb2 Be7 8. c4 O-O 9. Nc3 h6 10. e3 {D11: Slav Defence: 3 Nf3 sidelines and 3...Nf6 4 e3 Bg4} (10. Nd2 Re8 11. e4 dxe4 12. Ndxe4 Nxe4 13. Nxe4 Bxe4 14. Bxe4 Bf6 15. Qc2 Nb6 16. Rad1 Qc7 17. h4 Rad8 18. Qe2 Nd7 19. Bc1 Nf8 20. Be3 Rd7 21. Qg4 {1-0 (33) Sulskis,S (2541)-Zhigalko,A (2584) Belgium 2014}) 10... Ne4 11. Qe2 a5 12. Rfd1 {The position is equal.} a4 $146 ({Predecessor:} 12... Bg4 13. h3 Bh5 14. g4 Bg6 15. Ne5 Nxe5 16. dxe5 Nxc3 17. Bxc3 {0-1 (49) Bergauz,A (2154)-Dengler,P (2183) Bayern 2014}) 13. Nxa4 dxc4 $1 14. Nc3 cxb3 15. axb3 Qb6 16. Nxe4 Bxe4 17. Ne5 Nxe5 18. Bxe4 {Hoping for Rxa8.} Nd7 19. Bc2 Nf6 20. e4 Rfd8 21. h4 Bb4 (21... Rxa1 $11 22. Rxa1 h5) 22. Rxa8 $16 Rxa8 {[#]} 23. d5 $1 {[%mdl 512]} cxd5 24. Bxf6 $1 gxf6 25. exd5 e5 (25... Bf8 $142) 26. Be4 Kf8 27. d6 (27. Qh5 $16) 27... Bxd6 $14 28. Bd5 Ke7 29. Qh5 Rf8 30. Qxh6 Bc5 31. Qd2 Rd8 32. Qc2 Bd4 33. Bf3 f5 34. Qxf5 {White is slightly better.} Bxf2+ 35. Kg2 Rxd1 36. Qxe5+ Qe6 37. Qxe6+ Kxe6 38. Bxd1 {[%mdl 4096] Endgame KB-KB} Be1 39. Bc2 f6 40. h5 Bd2 41. g4 Ke5 42. Kf3 b6 43. Bd3 Bg5 44. Bc4 {Precision: White = 52%, Black = 52%.} 1/2-1/2

[Event "11th KIIT Festival 2018"]
[Site "Bhubaneswar"]
[Date "2018.05.27"]
[Round "4"]
[White "Deviatkin, Andrei"]
[Black "Rohith Krishna S"]
[Result "1-0"]
[WhiteElo "2467"]
[BlackElo "2076"]
[Annotator "TA"]
[PlyCount "61"]
[EventDate "2018.??.??"]
[EventType "swiss"]
[EventCountry "IND"]
[SourceTitle "playchess.com"]
[Source "ChessBase"]
[SourceQuality "1"]

{[%evp 22,61,0,-3,72,75,98,98,91,87,117,90,141,117,212,81,90,71,58,61,71,61,205,207,206,142,150,145,188,176,691,695,701,692,936,931,1447,898,1324,1310,29985,29986]} 1. c4 Nf6 2. Nf3 b6 3. g3 Bb7 4. Bg2 e6 5. O-O Be7 6. d4 O-O 7. d5 exd5 8. Nh4 c6 9. cxd5 Nxd5 10. Nf5 Nc7 11. Nc3 d5 12. e4 {LiveBook: 224 Partien} ({Doch nicht} 12. Qd4 Bf6 $17) 12... d4 {E17: Damenindisch (Hauptfortsetzung)} (12... Bf6 $11) (12... Bf6 13. exd5 Nxd5 14. Nxd5 cxd5 15. Re1 Na6 16. Bf4 Bxb2 17. Rb1 Bf6 18. Nd6 Bc6 19. Bxd5 Bxd5 20. Qxd5 Qd7 21. Rbd1 Rad8 22. h4 Nc5 23. Bg5 Bxg5 24. hxg5 Qa4 25. Re7 Rd7 26. Rde1 Nb7 27. Qxf7+ {1-0 (27) Adhiban,B (2655)-Kovalenko,I (2635) chess.com INT 2018}) 13. Nxd4 $16 g6 $146 ({Vorgänger:} 13... Bf6 14. Be3 c5 15. Nf5 Qxd1 16. Rfxd1 Nba6 17. a3 Rfd8 18. f4 Bxc3 19. bxc3 g6 20. Ne7+ {1-0 (38) Artemchuk,T-Mjasoedov,G (2190) Donetsk 2005}) 14. Bh6 Re8 {Weiß steht besser.} 15. e5 Bc5 16. Nb3 Qxd1 (16... Nba6 $142) 17. Rfxd1 Nba6 (17... Bb4 $16) 18. Rd7 (18. Nxc5 $18 {und der Rest ist Schweigen.} Nxc5 19. b4) 18... Be7 19. Nb5 cxb5 20. Bxb7 Rad8 21. Rad1 Nc5 (21... Nb8 $14 22. Rxd8 Rxd8 23. Rxd8+ Bxd8) 22. Nxc5 $18 bxc5 23. Kg2 $36 {[%mdl 2048] Weiss ist am Drücker.} Ne6 24. Bc6 Rxd7 25. Rxd7 ({Viel schwächer ist} 25. Bxd7 $6 Rd8 $14) 25... Nd4 $2 {[#]} (25... Bf8) 26. Rxd4 $1 {[%mdl 512]} cxd4 27. Bxe8 g5 28. Bxb5 f6 29. Bc4+ Kh8 30. e6 Kg8 31. g4 {Precision: Weiß = 65%, Schwarz = 23%.} 1-0

[Event "11th KIIT Festival 2018"]
[Site "Bhubaneswar"]
[Date "2018.05.27"]
[Round "4"]
[White "Laxman, R R"]
[Black "Raghunandan, Kaumandur Srihari"]
[Result "1-0"]
[WhiteElo "2444"]
[BlackElo "2400"]
[Annotator "TA"]
[PlyCount "67"]
[EventDate "2018.??.??"]
[EventType "swiss"]
[EventCountry "IND"]
[SourceTitle "playchess.com"]
[Source "ChessBase"]
[SourceQuality "1"]

{[%evp 18,67,0,0,0,0,0,0,0,-7,-11,0,179,176,182,180,190,183,190,176,175,179,179,182,181,175,222,231,233,231,231,234,260,233,256,256,235,256,253,244,230,216,299,304,381,373,377,379,391,376,387,384]} 1. d4 Nf6 2. Nf3 d6 3. Nc3 g6 4. e4 Bg7 5. Be2 O-O 6. O-O a6 7. h3 b5 {B08: Pirc Defence: Classical System} (7... Nc6 8. a4 e6 9. Re1 b6 10. Be3 Bb7 11. Qd2 Ne7 12. Bd3 c5 13. dxc5 bxc5 14. e5 dxe5 15. Nxe5 Rc8 {0-1 (50) Dervishi,E (2552)-Malakhov,V (2686) Riadh 2017}) 8. e5 Nfd7 9. e6 fxe6 10. Ng5 {LiveBook: 4 Games} Nf6 $1 11. Bf3 d5 $1 {[#] White must now prevent ...h6.} 12. Re1 Qd6 {...h6 is the strong threat.} 13. h4 $146 ({Predecessor:} 13. Qe2 Nc6 14. Nxe6 Bxe6 15. Qxe6+ Qxe6 16. Rxe6 Nxd4 17. Rxe7 Nxf3+ 18. gxf3 {0-1 (48) Fanouraki,N (2075)-Kourkounakis,I (2405) Chania 1997}) 13... Nc6 14. g3 $1 Ne4 $2 (14... Ne8 $11 {and Black stays safe.} 15. Be3 b4) 15. Ncxe4 $18 dxe4 16. Bxe4 Bxd4 {( -> ...Qxg3+)} 17. Be3 {Strongly threatening Bxd4.} Rb8 {[#]} 18. Nxh7 $1 {[%mdl 512]} Bxe3 (18... Kxh7 19. Qh5+) 19. Rxe3 Qxd1+ 20. Rxd1 Kxh7 21. Bxc6 b4 22. Rd4 Kg7 23. Rc4 Rd8 24. Be4 Rd7 25. Rd3 Rb6 26. Rxd7 Bxd7 27. Rxc7 {[%mdl 4096] Endgame KRB-KRB} Rd6 28. Bd3 Kf6 29. Rc4 e5 30. Rxb4 Bf5 31. Ra4 {White is winning.} Bxd3 32. cxd3 Rxd3 33. Rxa6+ Kf5 34. Ra3 {Precision: White = 88%, Black = 58%.} 1-0